000 00464ntaaa2200181 4500
003 01
005 20251027201905.0
008 0714s1973 ag 01
040 _aAR-BaBN
_bspa
_cAR-BaBN
_eaacr
_dRIC
082 _a231.0000 Yo8
100 _aYoutz, Herbert Alden
_917399
245 _aEnlarging conception of God
250 _a1 ed. :
_bMacmillan Co.,
_cc/914
300 _a199 p.
650 _aTeología-Dios
_96276
650 _aDios-Teología
_98327
942 _cBK
999 _c13604
_d13604